Statistics for Major Cities Closest to Paris A-Z

Click here to take the quiz!

General Stats

  • This quiz has been taken 54 times
  • The average score is 17 of 24

Answer Stats

LocationPopulationWorld City% Correct
ANorthern Africa3.90 milAlgiers
96%
KEastern Europe3.45 milKiev
88%
LWestern Europe14.7 milLondon
88%
PNorth America7.35 milPhiladelphia
86%
FCentral Europe3.28 milFrankfurt
84%
WNorth America8.55 milWashington, DC
84%
XEastern Asia6.80 milXi'an
82%
DMiddle East3.75 milDamascus
80%
TMiddle East15.0 milTehran
80%
JMiddle East4.78 milJeddah
78%
IMiddle East15.8 milIstanbul
76%
ONorth America3.38 milOrlando
72%
NSouthern Europe4.23 milNaples
72%
CCentral Europe5.00 milCologne
72%
BWestern Europe3.13 milBirmingham
72%
MWestern Europe3.05 milManchester
68%
YCentral Africa3.30 milYaoundé
66%
SEastern Europe5.60 milSaint Petersburg
64%
RWestern Europe3.23 milRotterdam
60%
UEastern Asia3.98 milÜrümqi
58%
HCentral Asia9.85 milHyderabad
52%
QEastern Asia5.95 milQingdao
46%
ZEastern Asia5.35 milZhengzhou
28%
GEastern Asia3.20 milGuiyang
6%

Score Distribution

Percentile by Number Answered

Percent of People with Each Score

Your Score History

You have not taken this quiz